000 00372nam a22001457a 4500
003 OSt
005 20240917143829.0
008 240917s2005 ag ||||| |||| 00| 0 spa d
020 _a8489780595
040 _cbesoc
100 _aBaldini, Nicoleta
_eAutor
245 _aRafael
_bLos Grandes Genios Del Arte
260 _aEspaƱa:
_bUnidad Editorial S.A.
_c2005
942 _2udc
_cOG
_n0
999 _c327
_d327